Cívica 2 (Registro nro. 10098)

Detalles MARC
000 -LIDER
fixed length control field 01562nam a2200385 a 4500
001 - NÚMERO DE CONTROL
Identificador de número de control 0000384
003 - IDENTIFICACDOR DE NÚMERO DE CONTROL
control field DO-SdBNP
005 - DATE AND TIME OF LATEST TRANSACTION
control field 20180314120908.0
007 - CAMPOS FIJOS DE DESCRIPCIÓN FÍSICA
fixed length control field 0000384
008 - ELEMENTOS DE LONGITUD FIJA
fixed length control field 150817s2013 ac spa d
020 ## - ISBN
International Standard Book Number 9789945120684
040 ## - FUENTE DE CATALOGACIÓN
Agencia que crea de manera original el registro BPMSU
Idioma de catalogación spa
Agencia que realiza la transcripción BPMSU
092 ## - LOCALLY ASSIGNED DEWEY DECIMAL CALL NUMBER
Número de clasificación 373.832
Número de ítem (Cutter) S594c 2do. 2013
100 1# - ASIENTO PRINCIPAL -- NOMBRE PERSONAL
Nombre personal Simón Consuegra, José Miguel
245 14 - MENCIÓN DE TITULO
Título Cívica 2
Subtítulo [educación media ]/
Mención de responsabilidad José Miguel Simón Consuegra, Margarita Hernández Tejada ; ilustración Julio César Martínez
260 ## - PUBLICACIÓN, DISTRIBUCIÓN, ETC. (PIE DE IMPRENTA)
Lugar de publicación, distribución, etc Santo Domingo :
Nombre del editor, distribuidor, etc. Ministerio de Educación,
Fecha de publicación, distribución, etc 2013.
300 ## - DESCRIPCIÓN FÍSICA
Extensión 168 p :
Otros detalles físicos il. retrs.
Dimensiones 28 cm.
500 ## - NOTA GENERAL
Nota general 2do. grado/primer ciclo/nivel medio
500 ## - NOTA GENERAL
Nota general Prohibida su venta. Propiedad del Ministerio de Educación.
500 ## - NOTA GENERAL
Nota general Formación en valores y civismo.
504 ## - NOTA DE BIBLIOGRAFÍA, ETC.
Bibliography, etc Bibliografía p: 167
505 1# - NOTA DE CONTENIDO
Título Los derechos humanos --
-- Los derechos de la mujer --
-- Los valores de nuestra constitución --
-- Las relaciones humanas --
-- Salvemos nuestro planeta --
650 #4 - ENCABEZAMIENTO DE MATERIA--TEMÁTICO
Término temático o nombre geográfico como elemento de entrada EDUCACIÓN CÍVICA
Subdivisión temática general ENSEÑANZA SECUNDARIA
650 #4 - ENCABEZAMIENTO DE MATERIA--TEMÁTICO
Término temático o nombre geográfico como elemento de entrada EDUCACIÓN SECUNDARIA
Subdivisión geográfica REPÚBLICA DOMINICANA
650 #4 - ENCABEZAMIENTO DE MATERIA--TEMÁTICO
Término temático o nombre geográfico como elemento de entrada EDUCACIÓN CÍVICA
Subdivisión temática general LIBROS DE TEXTOS
650 #4 - ENCABEZAMIENTO DE MATERIA--TEMÁTICO
Término temático o nombre geográfico como elemento de entrada EDUCACIÓN CÍVICA
Subdivisión temática general ESTUDIOS Y EJERCICIOS
650 #4 - ENCABEZAMIENTO DE MATERIA--TEMÁTICO
Término temático o nombre geográfico como elemento de entrada EDUCACIÓN CÍVICA
Subdivisión temática general EDUCACIÓN SECUNDARIA
700 12 - ASIENTO SECUNDARIO -- NOMBRE PERSONAL
Nombre personal Hernández Tejada, Margarita
700 12 - ASIENTO SECUNDARIO -- NOMBRE PERSONAL
Nombre personal Martínez, Julio César
Mención de responsabilidad il.
700 1# - ASIENTO SECUNDARIO -- NOMBRE PERSONAL
Nombre personal Sandoval, Ramón
Mención de responsabilidad il.
910 ## - VALIDACIÓN
Validación Validado. Control de calidad MFF
942 ## - ADDED ENTRY ELEMENTS (KOHA)
Source of classification or shelving scheme Dewey Decimal Classification
Koha item type Libros
945 ## - INFORMACIÓN DE PROCESAMIENTO LOCAL
Información de procesamiento local Remanejado para la BNPHU / 2018 VM
956 ## - LOCAL ELECTRONIC LOCATION AND ACCESS (OCLC)
Nombre de host Yngrid Lockward
Número de acceso 10
Existencias
Withdrawn status Lost status Source of classification or shelving scheme Damaged status Not for loan Collection code Home library Current library Date acquired Source of acquisition Total Checkouts Full call number Barcode Date last seen Price effective from Koha item type
    Dewey Decimal Classification     Colección Escolar Biblioteca Pública Metropolitana Salomé Ureña Biblioteca Pública Metropolitana Salomé Ureña 05/11/2016 Donación   373.832 S594c 2do. 2013 BPMSU16050257 05/11/2016 05/11/2016 Libros